Album | Track # | Answer | % Correct |
---|---|---|---|
Kiss | 3 | Call Me Maybe | 100%
|
E•MO•TION | 2 | E•mo•tion | 65%
|
Tug of War | 2 | Tug of War | 59%
|
Kiss | 5 | Good Time (feat. Owl City) | 53%
|
The Loneliest Time | 13 | The Loneliest Time (with Rufus Wainwright) | 53%
|
Kiss | 2 | This Kiss | 53%
|
Kiss (Deluxe) | 12 | Your Heart Is a Muscle | 53%
|
E•MO•TION | 3 | I Really Like You | 47%
|
E•MO•TION | 1 | Run Away with Me | 47%
|
Kiss | 1 | Tiny Little Bows | 41%
|
Kiss | 4 | Curiosity | 35%
|
Dedicated | 1 | Julien | 35%
|
Kiss | 6 | More Than a Memory | 35%
|
Kiss | 10 | Tonight I'm Getting Over You | 35%
|
E•MO•TION | 8 | Your Type | 35%
|
E•MO•TION | 5 | All That | 29%
|
The Loneliest Time | 6 | Beach House | 29%
|
E•MO•TION (Deluxe) | 13 | Black Heart | 29%
|
Tug of War | 1 | Bucket | 29%
|
E•MO•TION Side B | 9 | Cut to the Feeling | 29%
|
Kiss (Deluxe) | 13 | Drive | 29%
|
E•MO•TION (Deluxe) | 15 | Favourite Colour | 29%
|
E•MO•TION Side B | 4 | Fever | 29%
|
E•MO•TION | 4 | Gimmie Love | 29%
|
Kiss | 11 | Guitar String / Wedding Ring | 29%
|
E•MO•TION Side B | 2 | Higher | 29%
|
E•MO•TION (Deluxe) | 14 | I Didn't Just Come Here to Dance | 29%
|
The Loneliest Time | 2 | Joshua Tree | 29%
|
Dedicated Side B | 12 | Now I Don't Hate California After All | 29%
|
Dedicated | 3 | Now That I Found You | 29%
|
Dedicated | 15 | Party for One | 29%
|
The Loveliest Time | 8 | Psychedelic Switch | 29%
|
The Loneliest Time (Deluxe) | 14 | Anxious | 24%
|
Kiss | 9 | Beautiful (feat. Justin Bieber) | 24%
|
E•MO•TION | 6 | Boy Problems | 24%
|
Dedicated Side B | 10 | Comeback (feat. Bleachers) | 24%
|
The Loveliest Time | 10 | Come Over | 24%
|
Singles/Other | 2016 | Everywhere You Look (The Fuller House Theme Song) | 24%
|
The Loneliest Time | 12 | Go Find Yourself or Whatever | 24%
|
Kiss | 8 | Hurt So Good | 24%
|
E•MO•TION | 10 | LA Hallucination | 24%
|
Singles/Other | 2015 | Last Christmas | 24%
|
E•MO•TION | 9 | Let's Get Lost | 24%
|
E•MO•TION | 7 | Making the Most of the Night | 24%
|
Collaborations/Features | 2022 | Move Me (with Lewis OfMan) | 24%
|
Dedicated | 13 | Real Love | 24%
|
E•MO•TION Side B | 8 | Roses | 24%
|
The Loveliest Time | 7 | Shadow | 24%
|
Collaborations/Features | 2014 | Shadow (with Bleachers) | 24%
|
The Loneliest Time | 9 | So Nice | 24%
|
The Loveliest Time | 9 | So Right | 24%
|
E•MO•TION Side B | 7 | Store | 24%
|
The Loneliest Time | 1 | Surrender My Heart | 24%
|
Kiss (Deluxe) | 15 | Sweetie | 24%
|
Singles/Other | 2013 | Take a Picture | 24%
|
The Loneliest Time | 3 | Talking To Yourself | 24%
|
E•MO•TION Side B | 3 | The One | 24%
|
Dedicated | 9 | The Sound | 24%
|
Dedicated Side B | 1 | This Love Isn't Crazy | 24%
|
Kiss | 7 | Turn Me Up | 24%
|
Dedicated | 4 | Want You in My Room | 24%
|
E•MO•TION | 11 | Warm Blood | 24%
|
The Loneliest Time | 8 | Western Wind | 24%
|
Dedicated Side B | 2 | Window | 24%
|
Kiss (Deluxe) | 14 | Wrong Feels So Right | 24%
|
The Loveliest Time | 4 | Aeroplanes | 18%
|
The Loveliest Time | 3 | After Last Night | 18%
|
The Loveliest Time | 1 | Anything To Be With You | 18%
|
Dedicated | 10 | Automatically in Love | 18%
|
Collaborations/Features | 2017 (2) | Backseat (with Charli XCX) | 18%
|
The Loneliest Time | 10 | Bad Thing Twice | 18%
|
The Loneliest Time | 7 | Bends | 18%
|
E•MO•TION Side B | 5 | Body Language | 18%
|
E•MO•TION Side B | 6 | Cry | 18%
|
Dedicated | 5 | Everything He Needs | 18%
|
Dedicated Side B | 8 | Fake Mona Lisa | 18%
|
The Loneliest Time | 4 | Far Away | 18%
|
Dedicated | 11 | Feels Right (feat. Electric Guest) | 18%
|
Dedicated Side B | 3 | Felt This Way | 18%
|
E•MO•TION Side B | 1 | First Time | 18%
|
Dedicated | 14 | For Sure | 18%
|
Dedicated | 6 | Happy Not Knowing | 18%
|
Dedicated Side B | 6 | Heartbeat | 18%
|
Tug of War | 5 | Heavy Lifting | 18%
|
Tug of War | 9 | Hotel Shampoos | 18%
|
Dedicated | 7 | I'll Be Your Girl | 18%
|
Singles/Other | 2020 (2) | It's Not Christmas Till Somebody Cries | 18%
|
The Loveliest Time | 2 | Kamikaze | 18%
|
The Loneliest Time (Deluxe) | 16 | Keep Away | 18%
|
The Loveliest Time | 6 | Kollage | 18%
|
Collaborations/Features | 2019 (2) | Lalala (Remix) (with Y2K, bbno$ & Enrique Iglesias) | 18%
|
Dedicated Side B | 9 | Let's Sort The Whole Thing Out | 18%
|
Collaborations/Features | 2016 (1) | Love Me Like That (with The Knocks) | 18%
|
Tug of War | 3 | Money and the Ego | 18%
|
Dedicated | 2 | No Drug Like Me | 18%
|
The Loneliest Time (Deluxe) | 15 | No Thinking Over The Weekend | 18%
|
Collaborations/Features | 2020 | ok on your own (with mxmtoon) | 18%
|
Collaborations/Features | 2019 (1) | OMG (with Gryffin) | 18%
|
Singles/Other | 2014 | Part of Your World | 18%
|
The Loveliest Time | 11 | Put It To Rest | 18%
|
Dedicated | 12 | Right Words Wrong Time | 18%
|
The Loneliest Time | 11 | Shooting Star | 18%
|
The Loveliest Time | 5 | Shy Boy | 18%
|
The Loneliest Time | 5 | Sideways | 18%
|
Dedicated Side B | 11 | Solo | 18%
|
Tug of War | 10 | Sour Candy | 18%
|
The Loveliest Time | 12 | Stadium Love | 18%
|
Dedicated Side B | 4 | Stay Away | 18%
|
Dedicated Side B | 7 | Summer Love | 18%
|
Tug of War | 6 | Sunshine On My Shoulders | 18%
|
Collaborations/Features | 2016 (2) | Super Natural (with Danny L Harle) | 18%
|
Tug of War | 8 | Sweet Talker | 18%
|
Tug of War | 4 | Tell Me | 18%
|
Dedicated Side B | 5 | This Is What They Say | 18%
|
Dedicated | 8 | Too Much | 18%
|
Collaborations/Features | 2017 (1) | Trouble in the Streets (with BC Unidos) | 18%
|
The Loveliest Time | 13 | Weekend Love | 18%
|
E•MO•TION | 12 | When I Needed You | 18%
|
Tug of War | 7 | Worldy Matters | 18%
|
Kiss (Deluxe) | 16 | Almost Said It | 12%
|
Collaborations/Features | 2008 | Change for You (with The Midway State) | 12%
|
Singles/Other | 2011 | Let It Snow | 12%
|
Singles/Other | 2020 (1) | Let's Be Friends | 12%
|
Singles/Other | 2010 | Mittens | 12%
|
Copyright H Brothers Inc, 2008–2024
Contact Us | Go To Top | View Mobile Site